The role of warehouse receipts in financing in the United States of America

Bibliográfiai részletek
Szerző: Pogonyi Liána Dalma
További közreműködők: Csekő Dr. Katalin
Dokumentumtípus: Diplomadolgozat
Kulcsszavak:Raktározás
Finanszírozás
Bank
USA
Online Access:http://dolgozattar.uni-bge.hu/13836

MARC

LEADER 00000nta a2200000 i 4500
001 dolg13836
005 20180620125836.0
008 171211suuuu hu om 000 eng d
040 |a BGE Dolgozattár Repozitórium  |b hun 
041 |a en 
100 1 |a Pogonyi Liána Dalma 
245 1 4 |a The role of warehouse receipts in financing in the United States of America  |c Pogonyi Liána Dalma  |h [elektronikus dokumentum] 
246 1 1 |a Közraktárjegy és annak szerepe a finanszírozásban az Amerikai Egyesült Államokban 
246 1 1 |a The role of warehouse receipts in financing in the United States of America 
695 |a Raktározás 
695 |a Finanszírozás 
695 |a Bank 
695 |a USA 
700 1 |a Csekő Dr. Katalin  |e ths 
856 4 0 |u http://dolgozattar.uni-bge.hu/13836/1/HRWR93_Thesis_final.pdf  |z Dokumentum-elérés